| 000 | 00702nam a2200229 i 4500 | ||
|---|---|---|---|
| 001 | bg | ||
| 245 | 0 | 0 |
_aLaboratorium chemiczne : _bmateriały do ćwiczeń : opracowanie zbiorowe / _cpod red. Dariusza Dziadko ; Politechnika Lubelska. |
| 260 |
_aLublin : _bWydawnictwa Uczelniane PL, _c1998. |
||
| 300 |
_a200 s. : _brys., wykr. ; _c24 cm. |
||
| 500 | _aNa s. 4 okł. błędny ISBN. | ||
| 650 | 9 | _aChemia | |
| 655 | _aPodręczniki akademickie | ||
| 700 | 1 |
_aDZIADKO, Dariusz. _eRed. |
|
| 710 | 0 | _aPolitechnika Lubelska | |
| 020 | _a8387270690 | ||
| 040 | _cBPK | ||
| 041 | 0 | _apl | |
| 080 | _a54(075.8) | ||
| 920 | _a83-87270-69-0 | ||
| 942 | _cKS | ||
| 008 | s pl f |000 0 pol | ||
| 999 |
_c38461 _d38461 |
||
| 856 |
_uhttp://koha.tu.koszalin.pl/cgi-bin/koha/opac-detail.pl?biblionumber=38461 _yKatalog online BPK |
||